[Event "1. ODEM U25 2004"]
[Site "Willingen GER"]
[Date "2004.06.01"]
[Round "4"]
[White "Fuhrmann, Marc Andre"]
[Black "Völschow, Toni"]
[Result "1-0"]
[Termination "normal"]
[Board "4"]
[WhiteElo "2059"]
[BlackElo "1571"]
[PlyCount "69"]
[WhiteFideId "4696980"]
[BlackFideId "24622591"]
[EventCountry "GER"]
[EventRounds "9"]
[EventType "swiss"]
[EventDate "2004.05.29"]

1. d4 d5 2. Nf3 Nf6 3. c4 c6 4. Nc3 e6 5. e3 Be7 6. b3 Nbd7 7. Be2 O-O 8. O-O
Qc7 9. Qc2 e5 10. cxd5 cxd5 11. dxe5 Nxe5 12. Bb2 Nc6 13. Rfd1 Rd8 14. Rac1 Bg4
15. h3 Bh5 16. Nb5 Qb6 17. Nbd4 Bg6 18. Nf5 Rac8 19. Nxe7+ Nxe7 20. Qd2 Ne4 21.
Qd4 Qxd4 22. Nxd4 a6 23. Ba3 Rxc1 24. Rxc1 Rc8 25. Rxc8+ Nxc8 26. Bb4 Nb6 27.
Kf1 Nd7 28. Ke1 h6 29. a4 Ndc5 30. f3 a5 31. Ba3 Nxb3 32. Nxb3 Nc3 33. Nxa5 b6
34. Nc6 Nxa4 35. Ne7+ 1-0

[Event "1. ODEM U25 2004"]
[Site "Willingen GER"]
[Date "2004.06.01"]
[Round "4"]
[White "Kuhn, Ulf"]
[Black "Dahmen, Christoph"]
[Result "1/2-1/2"]
[Termination "normal"]
[Board "5"]
[WhiteElo "2013"]
[BlackElo "2023"]
[PlyCount "111"]
[WhiteFideId "4693604"]
[BlackFideId "4692160"]
[EventCountry "GER"]
[EventRounds "9"]
[EventType "swiss"]
[EventDate "2004.05.29"]

1. f4 Nf6 2. Nf3 d5 3. g3 g6 4. Bg2 Bg7 5. O-O O-O 6. d3 c5 7. Nc3 Nc6 8. e4 e6
9. e5 Ne8 10. Qe1 Rb8 11. g4 b5 12. g5 Qb6 13. h4 Nc7 14. h5 Rd8 15. Nd1 Bf8
16. Kh2 c4 17. d4 b4 18. c3 bxc3 19. bxc3 Qa5 20. Rh1 Ba3 21. Ne3 Bxc1 22. Rxc1
Rb2 23. Ng4 Ne8 24. Qh4 Qxa2 25. Rcg1 Rd7 26. Nf6+ Nxf6 27. gxf6 Qb3 28. Qg5
Kf8 29. Qh6+ Ke8 30. Qxh7 Kd8 31. hxg6 fxg6 32. f7 Kc7 33. Qg8 Ne7 34. Qh8 Qxc3
35. f8=Q Qxf3 36. Qh3 Qf2 37. Ra1 Qxd4 38. Qa3 Nc6 39. Qac5 Qd2 40. Rxa7+ Bb7
41. Qg1 g5 42. Qf1 gxf4 43. Q8xf4 Qc2 44. Ra1 Rg7 45. Qf7+ Rxf7 46. Qxf7+ Kb6
47. Rhg1 Qe4 48. Qxe6 Qxe5+ 49. Qxe5 Nxe5 50. Rab1 c3 51. Rxb2+ cxb2 52. Rb1
Nc4 53. Bf1 Kc5 54. Bxc4 dxc4 55. Rxb2 Be4 56. Kg3 1/2-1/2

[Event "1. ODEM U25 2004"]
[Site "Willingen GER"]
[Date "2004.06.01"]
[Round "4"]
[White "Poysti, Nathanael"]
[Black "Hirneise, Tobias"]
[Result "0-1"]
[Termination "normal"]
[Board "6"]
[WhiteElo "1910"]
[BlackElo "1960"]
[PlyCount "134"]
[BlackFideId "24600881"]
[EventCountry "GER"]
[EventRounds "9"]
[EventType "swiss"]
[EventDate "2004.05.29"]

1. h3 c5 2. c4 Nf6 3. Nf3 Nc6 4. e3 e5 5. d3 d5 6. cxd5 Nxd5 7. a3 Be7 8. Qc2
Be6 9. Nbd2 O-O 10. b3 f6 11. Bb2 Qd7 12. Be2 Rfc8 13. Rc1 a5 14. O-O a4 15.
Rfe1 axb3 16. Nxb3 Na5 17. Nbd2 b5 18. Qb1 Nb6 19. d4 exd4 20. exd4 c4 21. Bd1
Bf7 22. Bc2 g6 23. Ne4 Nd5 24. Rcd1 c3 25. Bc1 Nc4 26. Nc5 Qc6 27. Nh4 Bxc5 28.
dxc5 Kg7 29. Be4 Qxc5 30. Qd3 Ne5 31. Qg3 Rd8 32. Kh1 Rac8 33. f4 Nc4 34. f5
Qc7 35. fxg6 Qxg3 36. Nf5+ Kh8 37. Nxg3 hxg6 38. Ne2 Ncb6 39. Nd4 b4 40. axb4
Nxb4 41. Nb5 Rxd1 42. Rxd1 c2 43. Rd2 Bd5 44. Bxg6 Na2 45. Rxc2 Rxc2 46. Bxc2
Nxc1 47. Nc3 Be6 48. Be4 Bd7 49. g4 Nb3 50. Kh2 Kg7 51. Kg3 Nd4 52. Bd3 Na8 53.
Nd5 Be6 54. Be4 Bxd5 55. Bxd5 Nc7 56. Bc4 Nc6 57. Bd3 Ne5 58. Bf5 Nd5 59. h4
Ne3 60. g5 Nxf5+ 61. Kf4 Ng6+ 62. Kxf5 Ne7+ 63. Ke4 f5+ 64. Kf4 Kg6 65. Ke5
Nc6+ 66. Kd5 Kh5 67. g6 Kxg6 0-1

[Event "1. ODEM U25 2004"]
[Site "Willingen GER"]
[Date "2004.06.01"]
[Round "4"]
[White "Seiler, Dirk"]
[Black "Lipok, Christoph"]
[Result "1/2-1/2"]
[Termination "normal"]
[Board "8"]
[WhiteElo "1911"]
[BlackElo "1824"]
[PlyCount "82"]
[WhiteFideId "24603155"]
[BlackFideId "24620220"]
[EventCountry "GER"]
[EventRounds "9"]
[EventType "swiss"]
[EventDate "2004.05.29"]

1. d4 e6 2. c4 Nf6 3. Nc3 Bb4 4. Bg5 h6 5. Bh4 c5 6. d5 d6 7. e3 Bxc3+ 8. bxc3
e5 9. f3 Nbd7 10. Bd3 Qe7 11. Qc2 O-O 12. Ne2 Re8 13. Ng3 Nb6 14. Ne4 g5 15.
Bf2 Nxe4 16. fxe4 Nd7 17. Kd2 Nf8 18. Be2 Qf6 19. Raf1 Qg6 20. h4 g4 21. h5 Qg7
22. Bh4 Nh7 23. Qa4 Kf8 24. Rxf7+ Qxf7 25. Rf1 Qxf1 26. Bxf1 Ng5 27. Bxg5 hxg5
28. Be2 Ke7 29. Qd1 Rf8 30. Ke1 g3 31. Bg4 Rf2 32. Bxc8 Rxc8 33. Qg4 Rcf8 34.
Qxg5+ R8f6 35. Qxg3 Rxa2 36. Qg7+ Rf7 37. Qg5+ Kd7 38. Qg4+ Kc7 39. h6 Ra1+ 40.
Ke2 Ra2+ 41. Ke1 Ra1+ 1/2-1/2

[Event "1. ODEM U25 2004"]
[Site "Willingen GER"]
[Date "2004.06.01"]
[Round "4"]
[White "Heigermoser, Robert"]
[Black "Kalla, Christian"]
[Result "1/2-1/2"]
[Termination "normal"]
[Board "9"]
[WhiteElo "1770"]
[BlackElo "1910"]
[PlyCount "87"]
[WhiteFideId "24619132"]
[BlackFideId "24605760"]
[EventCountry "GER"]
[EventRounds "9"]
[EventType "swiss"]
[EventDate "2004.05.29"]

1. e4 c5 2. d3 Nc6 3. g3 g6 4. Bg2 Bg7 5. f4 d6 6. c3 e5 7. Nf3 Nge7 8. O-O O-O
9. Qe2 f5 10. fxe5 dxe5 11. Be3 b6 12. Na3 Ba6 13. Nc4 fxe4 14. dxe4 Na5 15.
Nfd2 Nec6 16. Qg4 Nxc4 17. Qe6+ Kh8 18. Nxc4 Qd3 19. Qxc6 Bxc4 20. Rfe1 Rad8
21. Qa4 Ba6 22. Bg5 Bb5 23. Qxa7 Rb8 24. Bf1 Qd7 25. Qxd7 Bxd7 26. Rad1 Bg4 27.
Be2 Bf3 28. Bxf3 Rxf3 29. Kg2 Rbf8 30. Rf1 Rxf1 31. Rxf1 Ra8 32. a3 Kg8 33. Bf6
Ra4 34. Bxg7 Kxg7 35. Kf3 c4 36. Rd1 Ra5 37. Rd7+ Kg8 38. Rd5 Kf7 39. Rxa5 bxa5
40. a4 Kf6 41. h4 g5 42. Kg4 gxh4 43. Kxh4 Kg6 44. Kg4 1/2-1/2

[Event "1. ODEM U25 2004"]
[Site "Willingen GER"]
[Date "2004.06.01"]
[Round "4"]
[White "Kiener, Georg"]
[Black "Katte, Nicolas"]
[Result "1-0"]
[Termination "normal"]
[Board "10"]
[WhiteElo "2008"]
[BlackElo "1729"]
[PlyCount "99"]
[BlackFideId "24614149"]
[EventCountry "GER"]
[EventRounds "9"]
[EventType "swiss"]
[EventDate "2004.05.29"]

1. e4 d6 2. d4 Nf6 3. Nc3 g6 4. Bg5 Bg7 5. e5 dxe5 6. dxe5 Qxd1+ 7. Rxd1 Nfd7
8. Nd5 Bxe5 9. Nf3 c6 10. Nxe7 f6 11. Nxc8 O-O 12. Ne7+ Kf7 13. Nxg6 hxg6 14.
Bc1 Bc7 15. Bc4+ Kg7 16. O-O Nb6 17. Bb3 N8d7 18. Rfe1 Rae8 19. Be3 c5 20. Bd5
Ne5 21. Nxe5 Rxe5 22. Bxb7 Rh5 23. h3 Rfh8 24. Bf3 Re5 25. a4 a5 26. b3 Rhe8
27. Bd2 Rxe1+ 28. Rxe1 Rxe1+ 29. Bxe1 Nd7 30. Kf1 Ne5 31. Bd5 Kf8 32. Ke2 Ke7
33. c3 Nf7 34. Bxf7 Kxf7 35. Kd3 Ke6 36. Kc4 Kd6 37. f3 Kc6 38. Bh4 g5 39. Bf2
Bd6 40. g4 Bf8 41. h4 gxh4 42. Bxh4 Be7 43. Bf2 Bd6 44. Be3 Bf8 45. g5 fxg5 46.
Bxg5 Bg7 47. Be7 Be5 48. Bxc5 Bxc3 49. Kxc3 Kxc5 50. f4 1-0

[Event "1. ODEM U25 2004"]
[Site "Willingen GER"]
[Date "2004.06.01"]
[Round "4"]
[White "Siebarth, Marco"]
[Black "Falke, Isaak"]
[Result "1-0"]
[Termination "normal"]
[Board "11"]
[WhiteElo "2027"]
[BlackElo "1721"]
[PlyCount "97"]
[WhiteFideId "24604330"]
[BlackFideId "24614483"]
[EventCountry "GER"]
[EventRounds "9"]
[EventType "swiss"]
[EventDate "2004.05.29"]

1. Nc3 d5 2. e4 Nf6 3. exd5 Nxd5 4. Bc4 Nxc3 5. bxc3 e5 6. a4 Nc6 7. d3 Bc5 8.
Nf3 Bg4 9. h3 Bxf3 10. Qxf3 O-O 11. O-O Qd7 12. Qg3 Kh8 13. Kh1 Rae8 14. f4
exf4 15. Qxf4 Bd6 16. Qf2 Ne5 17. Qxa7 Nxc4 18. dxc4 Qc6 19. Qd4 Re2 20. Qd5
Qb6 21. Qd3 Re6 22. Bf4 f6 23. Bxd6 Qxd6 24. Rfe1 Rfe8 25. Rxe6 Qxe6 26. Qd5
Qb6 27. Rd1 h6 28. Qb5 Qe3 29. Qxb7 Qg3 30. Qf3 Re1+ 31. Rxe1 Qxe1+ 32. Kh2
Qe5+ 33. g3 Qe8 34. a5 Qa4 35. Qf5 Qxc4 36. Qd3 Qc5 37. a6 Qf2+ 38. Kh1 Qb6 39.
h4 c6 40. Kg2 Qa7 41. Kh3 Qc7 42. Kh2 Qb6 43. Kg2 Qa7 44. Kf3 Qc5 45. Qd4 Qf5+
46. Ke3 Qe6+ 47. Kd2 c5 48. Qd8+ Kh7 49. a7 1-0

[Event "1. ODEM U25 2004"]
[Site "Willingen GER"]
[Date "2004.06.01"]
[Round "4"]
[White "Morgenstern, Petra"]
[Black "Seifert, Volker"]
[Result "0-1"]
[Termination "normal"]
[Board "12"]
[BlackTitle "FM"]
[WhiteElo "2062"]
[BlackElo "2302"]
[PlyCount "60"]
[WhiteFideId "4690710"]
[BlackFideId "4658060"]
[EventCountry "GER"]
[EventRounds "9"]
[EventType "swiss"]
[EventDate "2004.05.29"]

1. d4 Nf6 2. c4 e6 3. Nc3 Bb4 4. Qc2 c5 5. dxc5 Qc7 6. Nf3 Bxc5 7. Bg5 Be7 8.
e3 a6 9. Be2 d6 10. O-O Nbd7 11. Rad1 b6 12. Nd4 Bb7 13. b3 Rc8 14. a4 O-O 15.
Bf3 Bxf3 16. Nxf3 d5 17. Nd2 Bb4 18. Rc1 dxc4 19. bxc4 h6 20. Bh4 Qc6 21. Qb3
Bxc3 22. Rxc3 Nc5 23. Qb4 Qxa4 24. Qxb6 Qa2 25. Bxf6 Qxd2 26. Bd4 Na4 27. Qb3
Nxc3 28. Bxc3 Qd3 29. Qb2 f6 30. Rb1 Qxc4 0-1

[Event "1. ODEM U25 2004"]
[Site "Willingen GER"]
[Date "2004.06.01"]
[Round "4"]
[White "Fink, Leander"]
[Black "Jehle, Daniel"]
[Result "1-0"]
[Termination "normal"]
[Board "13"]
[WhiteElo "1936"]
[BlackElo "1526"]
[PlyCount "103"]
[WhiteFideId "24605247"]
[EventCountry "GER"]
[EventRounds "9"]
[EventType "swiss"]
[EventDate "2004.05.29"]

1. e4 e5 2. Nf3 Nc6 3. d4 exd4 4. Nxd4 Bc5 5. Be3 Qf6 6. c3 Nge7 7. Bc4 O-O 8.
O-O Ne5 9. Bb3 a6 10. Nd2 d6 11. h3 Qg6 12. Kh2 Kh8 13. f4 Nd7 14. f5 Qf6 15.
N2f3 g6 16. Bg5 Qg7 17. Bxe7 Re8 18. Bg5 Rxe4 19. fxg6 hxg6 20. Bc2 Re8 21. Qd2
b6 22. b4 Bxd4 23. cxd4 Qf8 24. Rae1 Bb7 25. Nh4 Qg8 26. Rxe8 Rxe8 27. Qf2 Bd5
28. a3 Bc4 29. Re1 Kh7 30. Rxe8 Qxe8 31. Qe3 Qxe3 32. Bxe3 Nf6 33. Kg3 Nd5 34.
Kf2 Kg7 35. Nf3 f6 36. Nd2 Bb5 37. Bb3 Ne7 38. Bc4 Bxc4 39. Nxc4 b5 40. Nb2 Nd5
41. Bd2 f5 42. Nd1 Kf7 43. Nc3 Nb6 44. Kf3 Nc4 45. Bc1 Ke6 46. Kf4 Nb6 47. Kg5
Kf7 48. h4 c6 49. h5 gxh5 50. Kxf5 d5 51. Kg5 Nd7 52. Kxh5 1-0

[Event "1. ODEM U25 2004"]
[Site "Willingen GER"]
[Date "2004.06.01"]
[Round "4"]
[White "Rackisch, Daniel"]
[Black "Trippe, Fabian"]
[Result "0-1"]
[Termination "normal"]
[Board "14"]
[WhiteElo "1859"]
[BlackElo "1637"]
[PlyCount "88"]
[WhiteFideId "24609323"]
[EventCountry "GER"]
[EventRounds "9"]
[EventType "swiss"]
[EventDate "2004.05.29"]

1. e4 b6 2. d4 Bb7 3. Nc3 e6 4. Bd3 Nf6 5. f4 Be7 6. Nf3 d6 7. h3 Nbd7 8. Be3
O-O 9. h4 Ng4 10. Bd2 c5 11. e5 Nh6 12. Be3 Nf5 13. Bf2 cxd4 14. Ne4 Nc5 15.
Nxc5 dxc5 16. Rh3 Rc8 17. g4 Nh6 18. Ng5 g6 19. Be4 Bxe4 20. Nxe4 Qd5 21. Ng3
Rfd8 22. g5 Nf5 23. Nxf5 exf5 24. Qe2 Rc6 25. O-O-O Bf8 26. Kb1 $11 26... Qg2
27. Rdh1 c4 28. R1h2 Qd5 29. h5 d3 30. cxd3 cxd3 31. Qd1 d2 32. Rh1 Rc1+ 33.
Qxc1 dxc1=Q+ 34. Kxc1 Qd2+ 35. Kb1 Rc8 36. Be3 Qd3+ 37. Ka1 Rd8 38. Bc1 Qd7 39.
hxg6 fxg6 40. e6 Qxe6 41. b3 Bg7+ 42. Bb2 Bxb2+ 43. Kxb2 Rd2+ 44. Ka1 Qe2 0-1

[Event "1. ODEM U25 2004"]
[Site "Willingen GER"]
[Date "2004.06.01"]
[Round "4"]
[White "Alic, Miran"]
[Black "Müer, Sebastian"]
[Result "1/2-1/2"]
[Termination "normal"]
[Board "15"]
[WhiteElo "2052"]
[BlackElo "1465"]
[PlyCount "56"]
[WhiteFideId "24605425"]
[EventCountry "GER"]
[EventRounds "9"]
[EventType "swiss"]
[EventDate "2004.05.29"]

1. e4 c5 2. Nc3 e6 3. f4 d5 4. Bb5+ Nc6 5. d3 Nf6 6. e5 Nd7 7. Nf3 Be7 8. O-O
O-O 9. Bxc6 bxc6 10. Qe1 f5 11. Kh1 Kh8 12. Bd2 Rb8 13. b3 Rg8 14. Ng5 Bxg5 15.
fxg5 g6 16. Qg3 Nb6 17. Rf4 d4 18. Ne2 Nd5 19. Rh4 Rg7 20. Nf4 Nxf4 21. Rxf4 a5
22. h4 Bd7 23. Raf1 Be8 24. Qf2 a4 25. g4 axb3 26. axb3 Bf7 27. Qe1 Qd7 28. b4
28... Qd5+ {vermutlich wurde der Koenig nach g1 verschoben. Es folgte 29.Df2
cxb4 30.Txd4 Da5 31.Tc4 Le8 32.gxf5 gxf5 33.Tb1 Tgb7 34.Dd4 Dd5 35.Dxd5 cxd5
36.Tcxb4 Txb4 37.Lxb4 d4 38.Tb2 La4 39.Kf2 Kg8 40.Ke2 Lxc2 41.Txc2 Txb4 42.Tc4
Tb5 43.Txd4 Txe5+ 44.Kf3 Kf7 45.Kf4 Te1 46.Td7+ Kg6 47.h5} 1/2-1/2

[Event "1. ODEM U25 2004"]
[Site "Willingen GER"]
[Date "2004.06.01"]
[Round "4"]
[White "Völz, Michael"]
[Black "Rafiee, Makan"]
[Result "1/2-1/2"]
[Termination "normal"]
[Board "16"]
[WhiteElo "1387"]
[BlackElo "2028"]
[PlyCount "64"]
[WhiteFideId "24640107"]
[BlackFideId "24609340"]
[EventCountry "GER"]
[EventRounds "9"]
[EventType "swiss"]
[EventDate "2004.05.29"]

1. e4 c5 2. Nc3 Nc6 3. f4 g6 4. Nf3 Bg7 5. Bb5 e6 6. Bxc6 bxc6 7. O-O d5 8. e5
Ne7 9. d4 cxd4 10. Nxd4 O-O 11. Kh1 a6 12. Nb3 f6 13. exf6 Bxf6 14. Qd3 e5 15.
fxe5 Bxe5 16. Rxf8+ Qxf8 17. Be3 Bf5 18. Qd2 Nc8 19. Rf1 Nd6 20. Bc5 Qf7 21.
Bxd6 Bxd6 22. Nd4 Rc8 23. Nxf5 gxf5 24. Qg5+ Qg6 25. Qxf5 Qxf5 26. Rxf5 Kg7 27.
g3 Rb8 28. b3 Bb4 29. Nd1 Re8 30. Kg2 Re1 31. Rf1 Re2+ 32. Rf2 Re1 1/2-1/2

[Event "1. ODEM U25 2004"]
[Site "Willingen GER"]
[Date "2004.06.01"]
[Round "4"]
[White "Dorn, Matthias"]
[Black "Dauer, Carolin"]
[Result "1-0"]
[Termination "normal"]
[Board "17"]
[WhiteElo "1762"]
[BlackElo "1399"]
[PlyCount "120"]
[WhiteFideId "24600695"]
[BlackFideId "24666050"]
[EventCountry "GER"]
[EventRounds "9"]
[EventType "swiss"]
[EventDate "2004.05.29"]

1. d4 d5 2. c4 c6 3. Nf3 e6 4. Bf4 Nf6 5. Nc3 Be7 6. e3 Nbd7 7. Qc2 O-O 8. a3
dxc4 9. Bxc4 b5 10. Bd3 Bb7 11. O-O a6 12. Rad1 c5 13. dxc5 Bxc5 14. Ne5 g6 15.
Nxd7 Nxd7 16. b4 Be7 17. Rd2 Qc8 18. Rc1 Rd8 19. Qd1 e5 20. Nd5 Bxd5 21. Rxc8
Raxc8 22. Bg3 Be6 23. f3 Rc3 24. Be4 Rxa3 25. Bc6 Bxb4 26. Rxd7 Bxd7 27. Bh4
Bc3 28. Bxd8 Ra1 29. Qxa1 Bxa1 30. Bxd7 b4 31. Ba4 f5 32. Kf1 Kf7 33. Ke2 Ke6
34. Kd3 Kd5 35. e4+ fxe4+ 36. fxe4+ Kc5 37. Be7+ Kb6 38. Bxb4 Bd4 39. Kc4 Bg1
40. h3 Bf2 41. Bd6 Bg3 42. Kd5 h6 43. Bxe5 Ka5 44. Bd7 Bh4 45. g3 Be7 46. Bd6
Bd8 47. e5 g5 48. e6 Kb6 49. e7 Bxe7 50. Bxe7 Kc7 51. Bf5 a5 52. Bc2 Kd7 53.
Bc5 Kc7 54. Kc4 Kd7 55. Ba4+ Ke6 56. Kd4 Kf6 57. g4 Kg6 58. Ke5 h5 59. gxh5+
Kxh5 60. Be8+ Kh4 1-0

[Event "1. ODEM U25 2004"]
[Site "Willingen GER"]
[Date "2004.06.01"]
[Round "4"]
[White "Rashidian, Sagross"]
[Black "Jorczik, Andreas"]
[Result "1-0"]
[Termination "normal"]
[Board "18"]
[WhiteElo "1626"]
[BlackElo "1357"]
[PlyCount "47"]
[BlackFideId "24634921"]
[EventCountry "GER"]
[EventRounds "9"]
[EventType "swiss"]
[EventDate "2004.05.29"]

1. e4 c5 2. Nf3 e6 3. d4 cxd4 4. Nxd4 Nf6 5. Nc3 Nc6 6. Be3 Bb4 7. Ndb5 O-O 8.
a3 Bxc3+ 9. Nxc3 Qc7 10. Bd3 Rd8 11. f4 d5 12. e5 Ne8 13. Bc5 b6 14. Nb5 Qb8
15. Bd6 Nxd6 16. Nxd6 Qc7 17. O-O Qe7 18. Rf3 f6 19. Bxh7+ Kf8 20. Bg6 Rxd6 21.
Rh3 Qc7 22. Qh5 Ke7 23. Qh8 Bb7 24. Qxg7+ 1-0

[Event "1. ODEM U25 2004"]
[Site "Willingen GER"]
[Date "2004.06.01"]
[Round "4"]
[White "Demmler, Julia"]
[Black "Jannes, Alexander"]
[Result "1/2-1/2"]
[Termination "normal"]
[Board "19"]
[WhiteElo "1296"]
[BlackElo "1567"]
[PlyCount "82"]
[BlackFideId "4647955"]
[EventCountry "GER"]
[EventRounds "9"]
[EventType "swiss"]
[EventDate "2004.05.29"]

1. e4 c6 2. d4 d5 3. exd5 cxd5 4. Bd3 Nc6 5. c3 Nf6 6. Bf4 Bg4 7. Nf3 e6 8.
Nbd2 Bd6 9. Bxd6 Qxd6 10. O-O O-O 11. h3 Bh5 12. Qc2 Rac8 13. Rfe1 a6 14. a3
Qf4 15. Ne5 Nxd4 16. Qc1 Nc6 17. Ndf3 Qxc1 18. Raxc1 Nxe5 19. Nxe5 Bg6 20. Bxg6
hxg6 21. Rcd1 Rc5 22. Rd4 Rfc8 23. Rb4 b5 24. Rd4 R8c7 25. f3 Nd7 26. Nxd7 Rxd7
27. Kf2 Rdc7 28. Kg3 Rc4 29. Red1 Rxd4 30. Rxd4 Rc4 31. Kf2 Rxd4 32. cxd4 Kf8
33. Ke3 a5 34. b4 axb4 35. axb4 Ke7 36. g4 Kd6 37. Kd3 e5 38. Ke3 f5 39. dxe5+
Kxe5 40. f4+ Ke6 41. g5 Ke7 1/2-1/2

[Event "1. ODEM U25 2004"]
[Site "Willingen GER"]
[Date "2004.06.01"]
[Round "4"]
[White "Zikeli, Julia"]
[Black "Schäfer, Simon"]
[Result "1-0"]
[Termination "normal"]
[Board "20"]
[WhiteElo "1534"]
[BlackElo "1255"]
[PlyCount "147"]
[WhiteFideId "24622753"]
[EventCountry "GER"]
[EventRounds "9"]
[EventType "swiss"]
[EventDate "2004.05.29"]

1. e4 c5 2. Nf3 d6 3. d4 cxd4 4. Nxd4 Nf6 5. Nc3 Nc6 6. Bc4 Bd7 7. f3 e6 8. Bg5
Be7 9. Ndb5 Qb8 10. Qd2 a6 11. Nd4 b5 12. Bb3 Qc7 13. O-O-O Rd8 14. Ndxb5 axb5
15. Nxb5 Qb8 16. Nxd6+ Qxd6 17. Qxd6 Bxd6 18. Rxd6 O-O 19. Ba4 Be8 20. e5 Rxd6
21. exd6 h6 22. Be3 Nd5 23. Bc5 Bd7 24. Rd1 Ra8 25. Bb3 Nf6 26. c4 Na5 27. Kc2
Nxb3 28. axb3 Rc8 29. Ba3 Ne8 30. c5 f5 31. Kc3 Kf7 32. b4 Nf6 33. Kc4 Nd5 34.
Rd3 Ke8 35. b5 Nb6+ 36. Kd4 Bxb5 37. Rb3 e5+ 38. Kxe5 Nc4+ 39. Kd5 Nxa3 40.
Rxa3 Bc6+ 41. Kd4 Ra8 42. Rxa8+ Bxa8 43. b4 Bc6 44. Kc4 Kd7 45. b5 45... Ba8
$11 46. Kd4 Ke6 47. h3 g5 48. d7 Kxd7 49. Ke5 f4 50. Kf6 Bd5 51. Kg6 Be6 52.
Kxh6 g4 53. hxg4 Ke7 54. Kg5 Bc4 55. b6 Bd5 56. Kxf4 Kf6 57. g5+ Ke6 58. g6 Kf6
59. g7 Kxg7 60. Ke5 Bb7 61. Kd6 Kf7 62. c6 Bxc6 63. Kxc6 Ke6 64. b7 Kf5 65.
b8=Q Kg5 66. Qe5+ Kg6 67. Kd6 Kf7 68. Qe6+ Kf8 69. f4 Kg7 70. f5 Kf8 71. Qf6+
Kg8 72. Qe7 Kh8 73. f6 Kg8 74. Qg7# 1-0

[Event "1. ODEM U25 2004"]
[Site "Willingen GER"]
[Date "2004.06.01"]
[Round "4"]
[White "Dietzen, Thomas"]
[Black "Reinke, Martin"]
[Result "0-1"]
[Termination "normal"]
[Board "21"]
[WhiteElo "1187"]
[BlackElo "1498"]
[PlyCount "100"]
[BlackFideId "4620518"]
[EventCountry "GER"]
[EventRounds "9"]
[EventType "swiss"]
[EventDate "2004.05.29"]

1. d4 d5 2. c4 e6 3. Nf3 c5 4. e3 Nc6 5. cxd5 exd5 6. Bb5 a6 7. Bxc6+ bxc6 8.
Qc2 Qb6 9. Nc3 cxd4 10. Na4 Bb4+ 11. Bd2 Bxd2+ 12. Nxd2 Qb5 13. exd4 Nf6 14.
O-O-O O-O 15. Rhe1 Rb8 16. f3 Bf5 17. Qxf5 Qxa4 18. Nb1 Qxa2 19. Qc2 Rfc8 20.
Re3 Rb4 21. Ra3 Qc4 22. Qxc4 Rxc4+ 23. Rc3 Rxc3+ 24. bxc3 c5 25. Kb2 g6 26. Kb3
Rb8+ 27. Ka4 cxd4 28. cxd4 Rb2 29. Nd2 h5 30. Ka5 Ra2+ 31. Kb4 g5 32. Kb3 Ra5
33. Re1 Kg7 34. Re5 Rb5+ 35. Kc3 Kg6 36. Nb3 Nd7 37. Re7 Nb6 38. Ra7 Na4+ 39.
Kc2 Rb6 40. Rd7 Rc6+ 41. Kd2 Nb6 42. Ra7 Nc4+ 43. Kd3 Re6 44. g4 Re3+ 45. Kc2
Rxf3 46. Rxa6+ f6 47. gxh5+ Kxh5 48. Re6 Ne3+ 49. Kc1 Nf5 50. Kc2 Rxb3 0-1

[Event "1. ODEM U25 2004"]
[Site "Willingen GER"]
[Date "2004.06.01"]
[Round "4"]
[White "Gahn, Juliane"]
[Black "Wild, Markus"]
[Result "1/2-1/2"]
[Termination "normal"]
[Board "22"]
[WhiteElo "1433"]
[BlackElo "1559"]
[PlyCount "60"]
[EventCountry "GER"]
[EventRounds "9"]
[EventType "swiss"]
[EventDate "2004.05.29"]

1. e4 c5 2. Nf3 d6 3. d4 cxd4 4. Nxd4 Nf6 5. Nc3 g6 6. Be3 Bg7 7. Be2 Nc6 8.
O-O O-O 9. Kh1 Bd7 10. f4 a6 11. Bf3 Rc8 12. h3 Ne8 13. Rb1 e6 14. Qd2 Na5 15.
Qe1 Nc4 16. Bf2 Qc7 17. Nde2 b5 18. Nd1 Qa5 19. Qxa5 Nxa5 20. Ne3 Nc4 21. Nxc4
Rxc4 22. c3 Rc7 23. Rbd1 Bc6 24. Nd4 Bb7 25. Nb3 Ba8 26. Bg1 f5 27. e5 Bxf3 28.
exd6 Bxd1 29. dxc7 Nxc7 30. Rxd1 Nd5 1/2-1/2

[Event "1. ODEM U25 2004"]
[Site "Willingen GER"]
[Date "2004.06.01"]
[Round "4"]
[White "Lebeda, Lukas"]
[Black "Strohmann, Marcel"]
[Result "0-1"]
[Termination "normal"]
[Board "23"]
[WhiteElo "1135"]
[BlackElo "821"]
[PlyCount "85"]
[EventCountry "GER"]
[EventRounds "9"]
[EventType "swiss"]
[EventDate "2004.05.29"]

1. d4 d5 2. Nc3 Nf6 3. Bf4 Bd7 4. e3 c6 5. Nf3 Bf5 6. b4 e6 7. b5 Bb4 8. Qd2
Qa5 9. Qc1 Bxc3+ 10. Nd2 Bxa1 11. Qxa1 Ne4 12. Qc1 Nxd2 13. Qxd2 Qxd2+ 14. Kxd2
O-O 15. h4 cxb5 16. Bxb5 a6 17. Be2 Nd7 18. f3 f6 19. g4 Bg6 20. e4 dxe4 21.
fxe4 Bxe4 22. Re1 e5 23. dxe5 fxe5 24. Bg3 Bf3 25. g5 Bxe2 26. Rxe2 Rad8 27.
Kc1 Rf1+ 28. Kb2 Rf3 29. Bf2 Re8 30. Rd2 b5 31. Rxd7 Rxf2 32. Kc3 e4 33. Rd1 e3
34. Re1 e2 35. Kd2 Rd8+ 36. Ke3 Rh2 37. h5 Re8+ 38. Kd2 Rxh5 39. c3 Rxg5 40.
Rxe2 Rxe2+ 41. Kxe2 h5 42. Kf3 h4 43. Kf4 0-1

[Event "1. ODEM U25 2004"]
[Site "Willingen GER"]
[Date "2004.06.01"]
[Round "4"]
[White "Häcker, Katrin"]
[Black "Finkbeiner, Alina"]
[Result "1-0"]
[Termination "normal"]
[Board "24"]
[WhiteElo "1140"]
[BlackElo "904"]
[PlyCount "35"]
[WhiteFideId "24667986"]
[EventCountry "GER"]
[EventRounds "9"]
[EventType "swiss"]
[EventDate "2004.05.29"]

1. e4 e5 2. Nf3 Nc6 3. Bb5 Nf6 4. O-O Bb4 5. c3 Ba5 6. Re1 O-O 7. d4 d6 8. h3
a6 9. Ba4 b5 10. Bc2 Bb6 11. Bg5 h6 12. Bh4 Bb7 13. Qd3 Na5 14. b3 d5 15. Nbd2
dxe4 16. Nxe4 Qd7 17. Nxf6+ gxf6 18. Qh7# 1-0

[Event "1. ODEM U25 2004"]
[Site "Willingen GER"]
[Date "2004.06.03"]
[Round "7"]
[White "Seifert, Volker"]
[Black "Nazarenus, Moritz"]
[Result "1-0"]
[Termination "normal"]
[Board "1"]
[WhiteTitle "FM"]
[WhiteElo "2302"]
[BlackElo "2143"]
[PlyCount "77"]
[WhiteFideId "4658060"]
[BlackFideId "4670540"]
[EventCountry "GER"]
[EventRounds "9"]
[EventType "swiss"]
[EventDate "2004.05.29"]

1. e4 c6 2. d4 d5 3. Nc3 g6 4. e5 h5 5. h3 c5 6. dxc5 e6 7. Nf3 Bxc5 8. Bd3 Nd7
9. Bg5 Be7 10. Bxe7 Nxe7 11. Nb5 a6 12. Nbd4 Nc6 13. Nxc6 bxc6 14. Qd2 a5 15.
O-O Ba6 16. Bxa6 Rxa6 17. Rfe1 Kf8 18. Rad1 Kg7 19. Ng5 Qe7 20. Qf4 Rb8 21. Rd3
Rb4 22. Qc1 Ra8 23. Rf3 Rf8 24. c3 Rb7 25. h4 Nb6 26. b3 a4 27. Rf4 axb3 28.
axb3 Nd7 29. Qc2 Nc5 30. b4 Nd7 31. Re3 Nb6 32. Ref3 Qe8 33. Rf6 Re7 34. Nxf7
Qxf7 35. Rxf7+ Rexf7 36. Rxf7+ Rxf7 37. Qd2 Rc7 38. Qg5 Rf7 39. g4 1-0